000 00904nam a2200253 a 4500
008 120416s1987 ||||||||||||||||| || u
020 _a0333419936
020 _a0333419944
050 _aHC 59.7 Gri
100 _aGriffin, Keith B
245 1 0 _aWorld hunger and the world economy: and other essays in development economics
260 _aLondon:
_bMacmillan
_c1987
300 _axvi, 274p.
350 _a0.00
500 _aIncludes bibliographical references and index.
650 _aDEVELOPING COUNTRIES--SOCIAL CONDITIONS
650 0 _aHUNGER
650 _aDEBTS, EXTERNAL--DEVELOPING COUNTRIES
650 _aTEXTBOOKS
650 0 _aDEVELOPING COUNTRIES--ECONOMIC CONDITIONS
650 0 _aECONOMICS
650 _aWORLD ECONOMY
995 _D0.00
_FCBU-MAIN LIBRARY (Kitwe)
_H1
_I30.25
_M1
_UAVAILABLE
_ZAnnex Low-Usage Collection
999 _c62108
_d62108